Equipe de France - Les joueurs avec minimum de 80 séléctions - Statistiques

Statistiques générales
  • Ce quiz a été pris 252 fois
  • Le résultat moyen est 18 sur 23
Statistiques - réponses
Années Poste Nbr de séléctions Nom % Correct
2008-2022 Gardien 145 Hugo Lloris
100%
2014- Attaquant 121 Antoine Griezmann
99%
2011- Attaquant 124 Olivier Giroud
99%
1997-2010 Attaquant 123 Thierry Henry
97%
2007-2022 Attaquant 97 Karim Benzema
94%
2013-2022 Défenseur 93 Raphael Varane
93%
1994-2006 Milieu 108 Zinedine Zidane
93%
1994-2008 Défenseur 142 Lilian Thuram
92%
1989-2000 Défenseur 97 Laurent Blanc
90%
1989-2000 Milieu 103 Didier Deschamps
88%
2013- Milieu 91 Paul Pogba
88%
1994-2006 Gardien 87 Fabien Barthez
87%
1993-2004 Défenseur 116 Marcel Desailly
83%
1992-2004 Défenseur 97 Bixente Lizarazu
82%
2006-2014 Attaquant 81 Franck Ribery
78%
2010-2019 Milieu 84 Blaise Matuidi
77%
1997-2009 Milieu 107 Patrick Vieira
76%
2004-2016 Défenseur 81 Patrice Evra
62%
1993-2002 Milieu 82 Youri Djorkaeff
61%
1999-2006 Attaquant 92 Sylvain Wiltord
48%
2002-2010 Défenseur 84 William Gallas
48%
2004-2012 Milieu 80 Florent Malouda
34%
1982-1992 Défenseur 82 Manuel Amoros
27%
Aucun quiz correspondant
Distribution des résultats
% des personnes avec chaque résultat
Percentile par nombre de réponses
Votre historique - résultats
Vous n’avez pas pris ce quiz